[Event "Salon de Provence op"]
[Site "Salon de Provence FRA"]
[Date "2023.07.10"]
[Round "4.2"]
[White "Peric, Slavisa"]
[Black "Golubka, Petro"]
[Result "0-1"]
[WhiteElo "2003"]
[BlackElo "2383"]
[WhiteFideId "-1"]
[BlackFideId "-1"]
[PlyCount "92"]
[GameId "2129404707693874"]
[EventDate "2023.07.08"]
[EventType "swiss"]
[EventRounds "9"]
[EventCountry "FRA"]
[SourceTitle "10 Days #729"]
[Source "ChessMix"]
[SourceDate "2023.07.20"]
[SourceVersion "1"]
[SourceVersionDate "2023.07.20"]
[SourceQuality "1"]
[TimeControl "1"]

1. d4 {[%emt 0:00:00]} Nf6 {[%emt 0:00:00]} 2. Nf3 {[%emt 0:00:00]} g6 {[%emt 0:00:00]} 3. c4 {[%emt 0:01:05]} Bg7 {[%emt 0:00:00]} 4. e3 {[%emt 0:00:00]} O-O {[%emt 0:00:00]} 5. Nbd2 {[%emt 0:00:00]} c5 {[%emt 0:00:00]} 6. dxc5 {[%emt 0:00:00]} Na6 {[%emt 0:00:00]} 7. Nb3 {[%emt 0:00:00]} Qc7 {[%emt 0:00:00]} 8. Bd2 {[%emt 0:00:00]} Ne4 {[%emt 0:00:00]} 9. Qc2 {[%emt 0:00:00]} f5 {[%emt 0:00:00]} 10. Ba5 {[%emt 0:00:00]} b6 {[%emt 0:00:00]} 11. cxb6 {[%emt 0:00:00]} axb6 {[%emt 0:00:00]} 12. Bd2 {[%emt 0:00:00]} Bb7 {[%emt 0:00:00]} 13. Be2 {[%emt 0:00:00]} Nxd2 {[%emt 0:00:00]} 14. Qxd2 {[%emt 0:00:00]} Nc5 {[%emt 0:00:00]} 15. Nxc5 {[%emt 0:00:00]} bxc5 {[%emt 0:00:00]} 16. O-O {[%emt 0:00:00]} Rfb8 {[%emt 0:00:00]} 17. Rad1 {[%emt 0:00:00]} d6 {[%emt 0:00:00]} 18. b3 {[%emt 0:00:00]} Bf6 {[%emt 0:09:29]} 19. Bd3 {[%emt 0:00:00]} Qa5 {[%emt 0:00:00]} 20. Qxa5 {[%emt 0:00:00]} Rxa5 {[%emt 0:00:00]} 21. Bb1 {[%emt 0:00:00]} Bc3 {[%emt 0:00:00]} 22. Ne1 {[%emt 0:00:00]} Rba8 {[%emt 0:00:00]} 23. Nd3 {[%emt 0:00:00]} Kf7 {[%emt 0:00:00]} 24. f3 {[%emt 0:00:00]} e6 {[%emt 0:00:00]} 25. Nf4 {[%emt 0:00:00]} Ke7 {[%emt 0:00:00]} 26. Rd3 {[%emt 0:00:00]} Be5 {[%emt 0:00:00]} 27. Ne2 {[%emt 0:00:00]} g5 {[%emt 0:00:00]} 28. Rfd1 {[%emt 0:00:00]} Rd8 {[%emt 0:00:00]} 29. Kf2 {[%emt 0:00:00]} h6 {[%emt 0:00:00]} 30. h3 {[%emt 0:00:00]} Bc6 {[%emt 0:00:00]} 31. Nc3 {[%emt 0:00:00]} h5 {[%emt 0:00:00]} 32. g3 {[%emt 0:00:00]} g4 {[%emt 0:00:00]} 33. hxg4 {[%emt 0:00:00]} hxg4 {[%emt 0:00:00]} 34. f4 {[%emt 0:00:00]} Bxc3 {[%emt 0:00:00]} 35. Rxc3 {[%emt 0:00:00]} Rh8 {[%emt 0:00:00]} 36. e4 {[%emt 0:00:00]} fxe4 {[%emt 0:00:00]} 37. Rcc1 {[%emt 0:00:00]} Rh3 {[%emt 0:00:00]} 38. Re1 {[%emt 0:00:00]} d5 {[%emt 0:00:00]} 39. f5 {[%emt 0:00:00]} exf5 {[%emt 0:00:00]} 40. cxd5 {[%emt 0:00:00]} Bxd5 {[%emt 0:00:00]} 41. Rg1 {[%emt 0:00:00]} Ke6 {[%emt 0:00:00]} 42. Ke3 {[%emt 0:00:00]} Ke5 {[%emt 0:00:00]} 43. Rcf1 {[%emt 0:00:00]} c4 {[%emt 0:00:00]} 44. bxc4 {[%emt 0:00:00]} Ra3+ {[%emt 0:00:00]} 45. Kd2 {[%emt 0:00:00]} Rh2+ {[%emt 0:00:00]} 46. Kd1 {[%emt 0:00:00]} Bxc4 {[%emt 0:00:00]} 0-1

[Event "Salon de Provence op"]
[Site "Salon de Provence FRA"]
[Date "2023.07.11"]
[Round "5.2"]
[White "Golubka, Petro"]
[Black "Petrosyan, Armen"]
[Result "1-0"]
[WhiteElo "2383"]
[BlackElo "2364"]
[WhiteFideId "-1"]
[BlackFideId "-1"]
[PlyCount "101"]
[GameId "2129404707693882"]
[EventDate "2023.07.08"]
[EventType "swiss"]
[EventRounds "9"]
[EventCountry "FRA"]
[SourceTitle "10 Days #729"]
[Source "ChessMix"]
[SourceDate "2023.07.20"]
[SourceVersion "1"]
[SourceVersionDate "2023.07.20"]
[SourceQuality "1"]
[TimeControl "1"]

1. e4 {[%emt 0:00:00]} c6 {[%emt 0:00:00]} 2. c4 {[%emt 0:00:00]} d5 {[%emt 0:00:00]} 3. exd5 {[%emt 0:00:00]} cxd5 {[%emt 0:00:00]} 4. cxd5 {[%emt 0:00:00]} Nf6 {[%emt 0:00:00]} 5. Qa4+ {[%emt 0:00:00]} Nbd7 {[%emt 0:00:00]} 6. Nc3 {[%emt 0:00:00]} g6 {[%emt 0:00:00]} 7. Nf3 {[%emt 0:00:00]} Bg7 {[%emt 0:00:00]} 8. Bc4 {[%emt 0:00:00]} O-O {[%emt 0:00:00]} 9. d3 {[%emt 0:00:00]} a6 {[%emt 0:00:00]} 10. Qa3 {[%emt 0:00:00]} b6 {[%emt 0:00:00]} 11. O-O {[%emt 0:00:00]} Bb7 {[%emt 0:00:00]} 12. Re1 {[%emt 0:00:00]} b5 {[%emt 0:00:00]} 13. Bb3 {[%emt 0:00:00]} Re8 {[%emt 0:00:00]} 14. Qb4 {[%emt 0:00:00]} a5 {[%emt 0:00:00]} 15. Qxb5 {[%emt 0:00:00]} Ba6 {[%emt 0:00:00]} 16. Qc6 {[%emt 0:00:00]} Bxd3 {[%emt 0:00:00]} 17. Rd1 {[%emt 0:00:00]} Bf5 {[%emt 0:00:00]} 18. d6 {[%emt 0:00:00]} Rc8 {[%emt 0:00:00]} 19. Qb5 {[%emt 0:00:00]} Rb8 {[%emt 0:00:00]} 20. dxe7 {[%emt 0:00:00]} Qxe7 {[%emt 0:00:00]} 21. Qxa5 {[%emt 0:00:00]} Nc5 {[%emt 0:00:00]} 22. Bg5 {[%emt 0:00:00]} Nxb3 {[%emt 0:00:00]} 23. axb3 {[%emt 0:00:00]} Qb7 {[%emt 0:00:00]} 24. Nd4 {[%emt 0:00:00]} Bd7 {[%emt 0:00:00]} 25. Qa7 {[%emt 0:00:00]} h6 {[%emt 0:00:00]} 26. Bf4 {[%emt 0:00:00]} Qxa7 {[%emt 0:00:00]} 27. Rxa7 {[%emt 0:00:00]} Rb4 {[%emt 0:00:00]} 28. h3 {[%emt 0:00:00]} Bc8 {[%emt 0:00:00]} 29. Ra8 {[%emt 0:00:00]} Bb7 {[%emt 0:00:00]} 30. Ra4 {[%emt 0:00:00]} Rb6 {[%emt 0:00:00]} 31. Bc7 {[%emt 0:00:00]} Ra6 {[%emt 0:00:00]} 32. Rxa6 {[%emt 0:00:00]} Bxa6 {[%emt 0:00:00]} 33. b4 {[%emt 0:00:14]} Bb7 {[%emt 0:00:00]} 34. b5 {[%emt 0:00:00]} Rc8 {[%emt 0:00:00]} 35. b6 {[%emt 0:00:00]} Ne8 {[%emt 0:00:00]} 36. Ndb5 {[%emt 0:00:00]} Kf8 {[%emt 0:00:00]} 37. Na4 {[%emt 0:00:00]} Nxc7 {[%emt 0:00:00]} 38. bxc7 {[%emt 0:00:00]} Be5 {[%emt 0:00:00]} 39. Rd8+ {[%emt 0:00:00]} Ke7 {[%emt 0:00:00]} 40. Rxc8 {[%emt 0:00:00]} Bxc8 {[%emt 0:00:00]} 41. Nb6 {[%emt 0:00:00]} Bd7 {[%emt 0:00:00]} 42. c8=Q {[%emt 0:00:45]} Bxc8 {[%emt 0:00:00]} 43. Nxc8+ {[%emt 0:00:00]} Kd7 {[%emt 0:00:00]} 44. Nb6+ {[%emt 0:00:00]} Kc6 {[%emt 0:00:00]} 45. Nc4 {[%emt 0:00:00]} Bg7 {[%emt 0:00:00]} 46. Nbd6 {[%emt 0:00:00]} f5 {[%emt 0:00:00]} 47. b3 {[%emt 0:00:00]} Kc5 {[%emt 0:00:00]} 48. Nf7 {[%emt 0:00:00]} Kb4 {[%emt 0:00:00]} 49. Nce5 {[%emt 0:00:00]} g5 {[%emt 0:00:00]} 50. Nc6+ {[%emt 0:00:00]} Kxb3 {[%emt 0:00:00]} 51. Ne7 {[%emt 0:00:00]} 1-0

[Event "Salon de Provence op"]
[Site "Salon de Provence FRA"]
[Date "2023.07.11"]
[Round "6.1"]
[White "Roganova, Maxime"]
[Black "Golubka, Petro"]
[Result "0-1"]
[WhiteElo "1773"]
[BlackElo "2383"]
[WhiteFideId "-1"]
[BlackFideId "-1"]
[PlyCount "60"]
[GameId "2129404707693889"]
[EventDate "2023.07.08"]
[EventType "swiss"]
[EventRounds "9"]
[EventCountry "FRA"]
[SourceTitle "10 Days #729"]
[Source "ChessMix"]
[SourceDate "2023.07.20"]
[SourceVersion "1"]
[SourceVersionDate "2023.07.20"]
[SourceQuality "1"]
[TimeControl "1"]

1. e4 {[%emt 0:00:00]} e6 {[%emt 0:00:00]} 2. d4 {[%emt 0:00:00]} d5 {[%emt 0:00:00]} 3. Bd3 {[%emt 0:00:00]} c5 {[%emt 0:00:00]} 4. exd5 {[%emt 0:00:00]} exd5 {[%emt 0:00:00]} 5. dxc5 {[%emt 0:00:00]} Bxc5 {[%emt 0:00:00]} 6. Nf3 {[%emt 0:00:00]} Nf6 {[%emt 0:00:00]} 7. h3 {[%emt 0:00:00]} O-O {[%emt 0:00:00]} 8. O-O {[%emt 0:00:00]} Nc6 {[%emt 0:00:00]} 9. a3 {[%emt 0:00:00]} Ne4 {[%emt 0:00:00]} 10. Nbd2 {[%emt 0:00:00]} Bf5 {[%emt 0:00:00]} 11. Nb3 {[%emt 0:00:00]} Bb6 {[%emt 0:00:00]} 12. c3 {[%emt 0:00:00]} Qf6 {[%emt 0:00:00]} 13. Bc2 {[%emt 0:00:00]} Rad8 {[%emt 0:00:00]} 14. Nbd4 {[%emt 0:00:00]} Bc8 {[%emt 0:00:00]} 15. Be3 {[%emt 0:00:00]} h6 {[%emt 0:00:00]} 16. Qd3 {[%emt 0:00:00]} Qg6 {[%emt 0:00:00]} 17. Ne2 {[%emt 0:00:00]} Bc7 {[%emt 0:00:00]} 18. Kh1 {[%emt 0:00:00]} Bf5 {[%emt 0:00:00]} 19. Nh4 {[%emt 0:00:00]} Nxf2+ {[%emt 0:00:00]} 20. Rxf2 {[%emt 0:00:00]} Bxd3 {[%emt 0:00:00]} 21. Nxg6 {[%emt 0:00:00]} Bxg6 {[%emt 0:00:00]} 22. Ba4 {[%emt 0:00:00]} Ne5 {[%emt 0:00:00]} 23. Nf4 {[%emt 0:00:00]} Be4 {[%emt 0:00:00]} 24. Bd4 {[%emt 0:00:00]} Nc4 {[%emt 0:00:00]} 25. Nh5 {[%emt 0:00:00]} Bb6 {[%emt 0:00:00]} 26. Rd1 {[%emt 0:00:00]} Rd6 {[%emt 0:00:00]} 27. Kh2 {[%emt 0:00:00]} Ne3 {[%emt 0:00:00]} 28. Bxe3 {[%emt 0:00:00]} Bxe3 {[%emt 0:00:00]} 29. Re2 {[%emt 0:00:00]} Bb6 {[%emt 0:00:00]} 30. Rxe4 {[%emt 0:00:00]} dxe4 {[%emt 0:00:00]} 0-1

[Event "Salon de Provence op"]
[Site "Salon de Provence FRA"]
[Date "2023.07.12"]
[Round "7.2"]
[White "Golubka, Petro"]
[Black "Espanet, Fabien"]
[Result "1-0"]
[WhiteElo "2383"]
[BlackElo "1585"]
[WhiteFideId "-1"]
[BlackFideId "-1"]
[PlyCount "86"]
[GameId "2129404707693898"]
[EventDate "2023.07.08"]
[EventType "swiss"]
[EventRounds "9"]
[EventCountry "FRA"]
[SourceTitle "10 Days #729"]
[Source "ChessMix"]
[SourceDate "2023.07.20"]
[SourceVersion "1"]
[SourceVersionDate "2023.07.20"]
[SourceQuality "1"]
[TimeControl "1"]

1. e4 {[%emt 0:00:00]} e5 {[%emt 0:00:00]} 2. Nf3 {[%emt 0:00:00]} Nf6 {[%emt 0:00:00]} 3. Nc3 {[%emt 0:00:00]} Nc6 {[%emt 0:00:00]} 4. h3 {[%emt 0:00:00]} d5 {[%emt 0:00:00]} 5. exd5 {[%emt 0:00:00]} Nxd5 {[%emt 0:00:00]} 6. Bb5 {[%emt 0:00:00]} Nxc3 {[%emt 0:00:00]} 7. bxc3 {[%emt 0:00:00]} Bd6 {[%emt 0:00:00]} 8. d4 {[%emt 0:00:00]} exd4 {[%emt 0:00:00]} 9. cxd4 {[%emt 0:00:00]} O-O {[%emt 0:00:00]} 10. O-O {[%emt 0:00:00]} Qf6 {[%emt 0:00:00]} 11. c3 {[%emt 0:00:00]} Bf5 {[%emt 0:00:00]} 12. a4 {[%emt 0:00:00]} Rfe8 {[%emt 0:00:00]} 13. a5 {[%emt 0:00:00]} a6 {[%emt 0:00:00]} 14. Bd3 {[%emt 0:00:00]} Bxd3 {[%emt 0:00:00]} 15. Qxd3 {[%emt 0:00:00]} h6 {[%emt 0:00:00]} 16. Be3 {[%emt 0:00:00]} Rad8 {[%emt 0:00:00]} 17. Rfb1 {[%emt 0:00:00]} Rb8 {[%emt 0:00:00]} 18. Bd2 {[%emt 0:00:00]} Ne7 {[%emt 0:00:00]} 19. Rb2 {[%emt 0:00:00]} Ng6 {[%emt 0:00:00]} 20. Rab1 {[%emt 0:00:00]} Nf4 {[%emt 0:00:00]} 21. Bxf4 {[%emt 0:00:00]} Qxf4 {[%emt 0:00:00]} 22. g3 {[%emt 0:00:00]} Qe4 {[%emt 0:00:00]} 23. Qxe4 {[%emt 0:00:00]} Rxe4 {[%emt 0:00:00]} 24. Rxb7 {[%emt 0:00:00]} Rxb7 {[%emt 0:00:00]} 25. Rxb7 {[%emt 0:00:00]} Re2 {[%emt 0:00:00]} 26. c4 {[%emt 0:00:00]} Ra2 {[%emt 0:00:00]} 27. c5 {[%emt 0:00:00]} Bf8 {[%emt 0:00:00]} 28. Ne5 {[%emt 0:00:00]} Be7 {[%emt 0:00:00]} 29. Nc6 {[%emt 0:00:00]} Bf6 {[%emt 0:00:00]} 30. Rxc7 {[%emt 0:00:00]} Rd2 {[%emt 0:00:00]} 31. Rc8+ {[%emt 0:00:00]} Kh7 {[%emt 0:00:00]} 32. Ra8 {[%emt 0:00:00]} Bxd4 {[%emt 0:00:00]} 33. Nxd4 {[%emt 0:00:00]} Rxd4 {[%emt 0:00:00]} 34. Rxa6 {[%emt 0:00:00]} Rc4 {[%emt 0:00:00]} 35. Rc6 {[%emt 0:00:00]} Ra4 {[%emt 0:00:00]} 36. a6 {[%emt 0:00:00]} Ra5 {[%emt 0:00:00]} 37. f4 {[%emt 0:00:00]} f6 {[%emt 0:00:00]} 38. Kf2 {[%emt 0:00:00]} Kg6 {[%emt 0:00:00]} 39. Ke3 {[%emt 0:00:00]} Ra3+ {[%emt 0:00:00]} 40. Ke4 {[%emt 0:00:00]} Rxg3 {[%emt 0:00:00]} 41. a7 {[%emt 0:00:00]} Ra3 {[%emt 0:00:00]} 42. Rc7 {[%emt 0:00:00]} f5+ {[%emt 0:00:00]} 43. Ke5 {[%emt 0:00:00]} Ra5 {[%emt 0:00:00]} 1-0

[Event "Salon de Provence op"]
[Site "Salon de Provence FRA"]
[Date "2023.07.13"]
[Round "8.1"]
[White "Lalic, Bogdan"]
[Black "Golubka, Petro"]
[Result "1/2-1/2"]
[WhiteElo "2371"]
[BlackElo "2383"]
[WhiteFideId "-1"]
[BlackFideId "-1"]
[PlyCount "43"]
[GameId "2129404707693905"]
[EventDate "2023.07.08"]
[EventType "swiss"]
[EventRounds "9"]
[EventCountry "FRA"]
[SourceTitle "10 Days #729"]
[Source "ChessMix"]
[SourceDate "2023.07.20"]
[SourceVersion "1"]
[SourceVersionDate "2023.07.20"]
[SourceQuality "1"]
[TimeControl "1"]

1. d4 {[%emt 0:00:00]} Nf6 {[%emt 0:00:00]} 2. c4 {[%emt 0:00:00]} g6 {[%emt 0:00:00]} 3. Nc3 {[%emt 0:00:00]} d5 {[%emt 0:00:00]} 4. Nf3 {[%emt 0:00:00]} Bg7 {[%emt 0:00:00]} 5. cxd5 {[%emt 0:00:00]} Nxd5 {[%emt 0:00:00]} 6. e4 {[%emt 0:00:00]} Nxc3 {[%emt 0:00:00]} 7. bxc3 {[%emt 0:00:00]} c5 {[%emt 0:00:00]} 8. Rb1 {[%emt 0:00:00]} O-O {[%emt 0:00:00]} 9. Be2 {[%emt 0:00:00]} b6 {[%emt 0:00:00]} 10. O-O {[%emt 0:00:00]} Bb7 {[%emt 0:00:00]} 11. Qd3 {[%emt 0:00:00]} e6 {[%emt 0:00:00]} 12. Bg5 {[%emt 0:00:00]} Qd7 {[%emt 0:00:00]} 13. Qe3 {[%emt 0:00:00]} Qc6 {[%emt 0:00:00]} 14. Nd2 {[%emt 0:00:00]} Rc8 {[%emt 0:00:00]} 15. Bb5 {[%emt 0:00:00]} Qc7 {[%emt 0:00:00]} 16. e5 {[%emt 0:00:00]} a6 {[%emt 0:00:00]} 17. Bd3 {[%emt 0:00:00]} Nd7 {[%emt 0:00:00]} 18. Be4 {[%emt 0:00:00]} b5 {[%emt 0:00:00]} 19. a4 {[%emt 0:00:00]} Bc6 {[%emt 0:00:00]} 20. axb5 {[%emt 0:00:00]} axb5 {[%emt 0:00:00]} 21. Bxc6 {[%emt 0:00:00]} Qxc6 {[%emt 0:00:00]} 22. Ne4 {[%emt 0:00:00]} 1/2-1/2

[Event "Salon de Provence op"]
[Site "Salon de Provence FRA"]
[Date "2023.07.21"]
[Round "9.2"]
[White "Golubka, Petro"]
[Black "Hernandez, Lara"]
[Result "1-0"]
[WhiteElo "2383"]
[BlackElo "1956"]
[WhiteFideId "-1"]
[BlackFideId "-1"]
[PlyCount "63"]
[GameId "2129404707693914"]
[EventDate "2023.07.08"]
[EventType "swiss"]
[EventRounds "9"]
[EventCountry "FRA"]
[SourceTitle "10 Days #729"]
[Source "ChessMix"]
[SourceDate "2023.07.20"]
[SourceVersion "1"]
[SourceVersionDate "2023.07.20"]
[SourceQuality "1"]
[TimeControl "1"]

1. e4 {[%emt 0:00:00]} d6 {[%emt 0:00:00]} 2. f4 {[%emt 0:00:00]} c5 {[%emt 0:00:00]} 3. Nc3 {[%emt 0:00:00]} Nc6 {[%emt 0:00:00]} 4. Bb5 {[%emt 0:00:00]} Nf6 {[%emt 0:00:00]} 5. Bxc6+ {[%emt 0:00:00]} bxc6 {[%emt 0:00:00]} 6. Nf3 {[%emt 0:00:00]} Qb6 {[%emt 0:00:00]} 7. O-O {[%emt 0:00:00]} c4+ {[%emt 0:00:00]} 8. Kh1 {[%emt 0:00:00]} e6 {[%emt 0:00:00]} 9. b3 {[%emt 0:00:00]} cxb3 {[%emt 0:00:00]} 10. axb3 {[%emt 0:00:00]} Ba6 {[%emt 0:00:00]} 11. d3 {[%emt 0:00:00]} Be7 {[%emt 0:00:00]} 12. Qe1 {[%emt 0:00:00]} Ng4 {[%emt 0:00:00]} 13. h3 {[%emt 0:00:00]} h5 {[%emt 0:00:00]} 14. g3 {[%emt 0:00:00]} Nf6 {[%emt 0:00:00]} 15. Bb2 {[%emt 0:00:00]} Bb7 {[%emt 0:00:00]} 16. Na4 {[%emt 0:00:00]} Qc7 {[%emt 0:00:00]} 17. b4 {[%emt 0:00:00]} a5 {[%emt 0:00:00]} 18. e5 {[%emt 0:00:00]} Nd5 {[%emt 0:00:00]} 19. exd6 {[%emt 0:00:00]} Bxd6 {[%emt 0:00:00]} 20. Bxg7 {[%emt 0:00:00]} Rg8 {[%emt 0:00:00]} 21. Be5 {[%emt 0:00:00]} Nxb4 {[%emt 0:00:00]} 22. Bxd6 {[%emt 0:00:00]} Qxd6 {[%emt 0:00:00]} 23. Qf2 {[%emt 0:00:00]} h4 {[%emt 0:00:00]} 24. Qc5 {[%emt 0:00:00]} Qd5 {[%emt 0:00:00]} 25. c4 {[%emt 0:00:00]} Qxc5 {[%emt 0:00:00]} 26. Nxc5 {[%emt 0:00:00]} hxg3 {[%emt 0:00:00]} 27. Rfb1 {[%emt 0:00:00]} g2+ {[%emt 0:00:00]} 28. Kh2 {[%emt 0:00:00]} Nc2 {[%emt 0:00:00]} 29. Ra2 {[%emt 0:00:00]} Nb4 {[%emt 0:00:00]} 30. Ra4 {[%emt 0:00:00]} O-O-O {[%emt 0:00:00]} 31. Rxa5 {[%emt 0:00:00]} Nxd3 {[%emt 0:00:00]} 32. Nxb7 {[%emt 0:00:00]} 1-0

[Event "Pays d'Aix rapid op"]
[Site "Aix en Provence"]
[Date "2023.06.20"]
[Round "3"]
[White "Dalaud, Dorian"]
[Black "Golubka, Petro"]
[Result "1/2-1/2"]
[WhiteElo "2173"]
[BlackElo "2397"]
[WhiteFideId "-1"]
[BlackFideId "-1"]
[PlyCount "76"]
[GameId "1926697063563264"]
[EventDate "2023.06.18"]
[EventType "swiss (rapid)"]
[EventRounds "9"]
[EventCountry "FRA"]
[SourceTitle "EXT 2025"]
[Source "ChessBase"]
[SourceDate "2024.10.14"]
[SourceVersion "1"]
[SourceVersionDate "2024.10.14"]
[SourceQuality "1"]

1. e4 d6 2. d4 Nf6 3. Nc3 g6 4. Be3 Bg7 5. Qd2 h6 6. h3 c6 7. a4 a5 8. Nf3 Na6 9. Bc4 Nb4 10. e5 Nfd5 11. Nxd5 cxd5 12. Bb5+ Nc6 13. O-O g5 14. c4 Be6 15. exd6 exd6 16. Rfe1 O-O 17. Rac1 Bf5 18. cxd5 Nb4 19. Bc4 Qf6 20. Rc3 Qg6 21. h4 g4 22. Nh2 Rfe8 23. Bf4 Rxe1+ 24. Qxe1 Bxd4 25. h5 Qxh5 26. Rg3 Qg6 27. Qd1 Bf6 28. Nxg4 Bxg4 29. Rxg4 Bg5 30. Bxg5 hxg5 31. f4 f6 32. fxg5 f5 33. Rf4 Qxg5 34. Qf3 Rf8 35. g4 Nc2 36. Rxf5 Rxf5 37. Qxf5 Qxf5 38. gxf5 Ne3 1/2-1/2

[Event "Pays d'Aix rapid op"]
[Site "Aix en Provence"]
[Date "2023.06.20"]
[Round "4"]
[White "Golubka, Petro"]
[Black "Mallassagne, Francois Eric"]
[Result "1-0"]
[WhiteElo "2397"]
[BlackElo "2022"]
[WhiteFideId "-1"]
[BlackFideId "-1"]
[PlyCount "71"]
[GameId "1929067286286336"]
[EventDate "2023.06.18"]
[EventType "swiss (rapid)"]
[EventRounds "9"]
[EventCountry "FRA"]
[SourceTitle "EXT 2025"]
[Source "ChessBase"]
[SourceDate "2024.10.14"]
[SourceVersion "1"]
[SourceVersionDate "2024.10.14"]
[SourceQuality "1"]

1. e4 e5 2. Nf3 Nf6 3. Nc3 Bb4 4. Nxe5 O-O 5. Nd3 Bxc3 6. dxc3 Nxe4 7. Be2 b6 8. O-O Bb7 9. f3 Nf6 10. c4 d6 11. b3 Nbd7 12. Bb2 a5 13. Qd2 Re8 14. Rfe1 Ne5 15. Rad1 Ng6 16. Nf4 Ne5 17. Nd5 a4 18. b4 a3 19. Bc3 b5 20. Nxf6+ Qxf6 21. cxb5 Qg6 22. Bxe5 Rxe5 23. Bd3 Qe6 24. c4 Re8 25. Rxe5 Qxe5 26. Bf1 g6 27. b6 cxb6 28. Qxd6 Qe3+ 29. Kh1 h5 30. Qd2 Qe5 31. h4 Kh7 32. Qg5 Qc3 33. Rd7 Rf8 34. Bd3 Qe1+ 35. Kh2 Bxf3 36. Qxg6+ 1-0

[Event "Pays d'Aix rapid op"]
[Site "Aix en Provence"]
[Date "2023.07.03"]
[Round "5"]
[White "Golubka, Petro"]
[Black "Bellahcene, Bilel"]
[Result "0-1"]
[WhiteElo "2397"]
[BlackElo "2537"]
[WhiteFideId "-1"]
[BlackFideId "-1"]
[PlyCount "70"]
[GameId "1930513655709696"]
[EventDate "2023.06.18"]
[EventType "swiss (rapid)"]
[EventRounds "9"]
[EventCountry "FRA"]
[SourceTitle "EXT 2025"]
[Source "ChessBase"]
[SourceDate "2024.10.14"]
[SourceVersion "1"]
[SourceVersionDate "2024.10.14"]
[SourceQuality "1"]

1. e4 c5 2. b3 g6 3. Bb2 Nf6 4. e5 Nd5 5. Qf3 Nb4 6. Bc4 e6 7. Na3 Bg7 8. Qg3 O-O 9. f4 N8c6 10. Nf3 f6 11. h4 h5 12. O-O-O a6 13. Kb1 b5 14. Be2 Nd5 15. c4 Nde7 16. Nc2 bxc4 17. Bxc4 d5 18. Be2 d4 19. Bd3 a5 20. Ba3 Qb6 21. Ka1 Ba6 22. Bxa6 Rxa6 23. Rb1 Nb4 24. Bxb4 axb4 25. a4 bxa3 26. Nfe1 Nd5 27. Nd3 Qb5 28. Rhc1 Rb8 29. Qf3 Rab6 30. Nce1 Qa5 31. Qd1 Bf8 32. Ka2 Qa6 33. Qc2 Rb4 34. g3 c4 35. bxc4 Rb2+ 0-1

[Event "Malopolska Cup"]
[Site "Krakow POL"]
[Date "2023.06.08"]
[Round "1.6"]
[White "Kumor, Lukasz"]
[Black "Golubka, Petro"]
[Result "0-1"]
[WhiteElo "2052"]
[BlackElo "2373"]
[WhiteFideId "-1"]
[BlackFideId "-1"]
[PlyCount "62"]
[GameId "2130307559401500"]
[EventDate "2023.06.08"]
[EventType "swiss"]
[EventRounds "7"]
[EventCountry "POL"]
[SourceTitle "10 Days #726"]
[Source "ChessMix"]
[SourceDate "2023.06.20"]
[SourceVersion "1"]
[SourceVersionDate "2023.06.20"]
[SourceQuality "1"]

1. e4 c6 2. d4 d5 3. Nc3 a6 4. Nf3 Bg4 5. e5 e6 6. Be3 c5 7. dxc5 Nc6 8. h3 Bxf3 9. Qxf3 Nxe5 10. Qg3 Nc6 11. O-O-O Nf6 12. Kb1 Qa5 13. f4 g6 14. Qf2 Nd7 15. g4 O-O-O 16. f5 Bxc5 17. fxe6 fxe6 18. Bg2 Rhf8 19. Qe2 Bxe3 20. Qxe3 d4 21. Rxd4 Nxd4 22. Qxd4 Qb6 23. Qe4 Rf2 24. Na4 Qc7 25. Rd1 Nc5 26. Rxd8+ Qxd8 27. Qe1 Nxa4 28. Qxe6+ Kc7 29. Qe5+ Qd6 30. Qg7+ Kd8 31. Qg8+ Rf8 0-1

[Event "Malopolska Cup"]
[Site "Krakow POL"]
[Date "2023.06.08"]
[Round "2.5"]
[White "Golubka, Petro"]
[Black "Dylag, Emilia"]
[Result "1-0"]
[WhiteElo "2373"]
[BlackElo "2095"]
[WhiteFideId "-1"]
[BlackFideId "-1"]
[PlyCount "41"]
[GameId "2130307559405624"]
[EventDate "2023.06.08"]
[EventType "swiss"]
[EventRounds "7"]
[EventCountry "POL"]
[SourceTitle "10 Days #726"]
[Source "ChessMix"]
[SourceDate "2023.06.20"]
[SourceVersion "1"]
[SourceVersionDate "2023.06.20"]
[SourceQuality "1"]

1. e4 e5 2. Nf3 Nc6 3. d4 exd4 4. Nxd4 Nf6 5. Nxc6 bxc6 6. e5 Qe7 7. Qe2 Nd5 8. c4 Ba6 9. Nd2 O-O-O 10. b3 f6 11. g3 Re8 12. Bb2 fxe5 13. O-O-O g6 14. f4 Bg7 15. Bh3 Qb4 16. Ne4 Re7 17. Qd2 Bb7 18. cxd5 Qxe4 19. d6 cxd6 20. Qxd6 Qe3+ 21. Kb1 1-0

[Event "Malopolska Cup"]
[Site "Krakow POL"]
[Date "2023.06.09"]
[Round "3.1"]
[White "Licznerski, Lukasz"]
[Black "Golubka, Petro"]
[Result "0-1"]
[WhiteElo "2460"]
[BlackElo "2373"]
[WhiteFideId "-1"]
[BlackFideId "-1"]
[PlyCount "112"]
[GameId "2130307559405649"]
[EventDate "2023.06.08"]
[EventType "swiss"]
[EventRounds "7"]
[EventCountry "POL"]
[SourceTitle "10 Days #726"]
[Source "ChessMix"]
[SourceDate "2023.06.20"]
[SourceVersion "1"]
[SourceVersionDate "2023.06.20"]
[SourceQuality "1"]

1. e4 c5 2. Nf3 Nc6 3. Bb5 Na5 4. c3 a6 5. Ba4 b5 6. Bc2 Bb7 7. O-O e6 8. d4 cxd4 9. cxd4 Rc8 10. Nbd2 Bb4 11. a3 Bxd2 12. Bxd2 Nc4 13. Bc1 Ne7 14. b3 Nb6 15. Bf4 f5 16. Bd6 Bxe4 17. Bxe4 fxe4 18. Ng5 O-O 19. Nxe4 Nbd5 20. Qd2 Rc6 21. Rac1 Rf5 22. Rc5 Rxc5 23. dxc5 Nc6 24. f3 Nf6 25. Ng3 Rd5 26. Qc3 Qe8 27. Ne2 e5 28. Ng3 Qg6 29. Ne4 h6 30. Qe3 Rd4 31. Nxf6+ gxf6 32. f4 Rxf4 33. Rxf4 exf4 34. Bxf4 h5 35. h3 Kf7 36. Kh2 Qf5 37. Bd6 Qd5 38. Qh6 Qg5 39. Qh7+ Ke6 40. Qh8 Ne5 41. Qe8+ Kd5 42. Qa8+ Kd4 43. Qxa6 Ke3 44. Qa7 Qf4+ 45. Kh1 Qd4 46. Bxe5 fxe5 47. Qb6 e4 48. Qh6+ Ke2 49. Qxh5+ Kd2 50. a4 e3 51. Qg5 Kd1 52. axb5 e2 53. Qh5 Kd2 54. Qg5+ Qe3 55. Qd5+ Kc2 56. Qf5+ Kc1 0-1